000 00566cam a22002053a 4500
001 35466
003 PGUSA
005 20140828083750.0
008 110303s2011||||xxu|||||s|||||000 | eng d
040 _aPGUSA
_beng
042 _adc
100 1 _aWard, Leslie,
_d1851-1922
245 1 0 _aForty Years of 'Spy'
_h[electronic resource] /
_cLeslie Ward
260 _bProject Gutenberg,
_c2011
506 _aPublic domain in the USA.
516 _aElectronic text
830 0 _aProject Gutenberg
_v35466
856 4 0 _uhttp://www.gutenberg.org/ebooks/35466
942 _cEB
999 _c264721
_d264721